Statistics for Bucks Starting Lineup

Click here to take the quiz!

General Stats

  • This quiz has been taken 8 times
  • The average score is 4 of 5

Answer Stats

HintAnswer% Correct
PGHoliday
100%
SFMiddleton
100%
PFAntetokounmpo
88%
CLopez
88%
SGMatthews
63%

Score Distribution

Percentile by Number Answered

Percent of People with Each Score

Your Score History

You have not taken this quiz